El Control intern de la gestió econòmico-financera de les entitats locals : les tècniques d'auditoria i el nou Pla comptable de 6.5.1994 / Lluís Mata i Remolins, Lluís Bertran i Baulies, Norbert Llaràs i Marquès les tècniques d'auditoria i el nou Pla comptable de 6.5.1994 / Lluís Mata i Remolins, Lluís Bertran i Baulies, Norbert Llaràs i Marquès
MARC
| LEADER | 00000nam a2200000Ia 4500 | ||
|---|---|---|---|
| 001 | 18346 | ||
| 008 | 160829s1995 xx 000 0 cat d | ||
| 020 | |a 84-393-3505-9 | ||
| 080 | |a M-5-294 | ||
| 100 | |a Mata i Remolins, Lluís |9 249 | ||
| 245 | |a El Control intern de la gestió econòmico-financera de les entitats locals : |b les tècniques d'auditoria i el nou Pla comptable de 6.5.1994 / Lluís Mata i Remolins, Lluís Bertran i Baulies, Norbert Llaràs i Marquès | ||
| 260 | |a Barcelona : |b Generalitat de Catalunya. Departament de Governació. Direcció General d'Administració Local, |c 1995 | ||
| 300 | |a 365 p. ; |c 25 cm | ||
| 590 | |a Textos en català i castellà | ||
| 650 | |a Finances locals |x Espanya |9 24153 | ||
| 650 | |a Finances locals |x Catalunya |9 23426 | ||
| 650 | 0 | |a Finances locals |x Comptabilitat |9 41056 | |
| 650 | 0 | |a Administració local |z Espanya |9 37433 | |
| 650 | |a Administració local |x Auditoria |x Catalunya |9 23428 | ||
| 650 | |a Auditoria |x Catalunya |9 23429 | ||
| 700 | |a Bertran i Baulies, Lluís |9 23430 | ||
| 700 | |a Llaràs i Marquès, Norbert |9 23431 | ||
| 710 | 1 | |a Catalunya. |b Direcció General d'Administració Local |9 53065 | |
| 901 | |a Arxiu | ||
| 942 | |n 1 | ||
| 952 | |0 0 |1 0 |4 0 |6 M5294 |7 1 |9 42702 |a Arxiu |b Arxiu |d 2016-12-01 |l 0 |o M-5-294 |p 18346 |r 2016-12-01 00:00:00 |w 2016-12-01 |y ARXIU | ||
| 999 | |c 45208 |d 45208 | ||